| 000 | 00876nam a22002417a 4500 | ||
|---|---|---|---|
| 005 | 20240530110505.0 | ||
| 008 | 150801s2012 ua g b 000 0 ara d | ||
| 017 |
_a16883 _bمصر . دارالكتب المصرية |
||
| 020 | _a9789773684846 | ||
| 040 | _aEG-CaGPL | ||
| 082 | 0 | 4 |
_221 _a371.89\ _bس إ |
| 100 | 0 | _aسهام محمد امر الله طه . | |
| 245 | 1 | 0 |
_aادارة و تنظيم المعسكرات الطلابية / _cسهام محمد امر الله طه . |
| 250 | _aط1 . | ||
| 260 |
_aالاسكندرية : _bمؤسسة حورس الدولية ، _c2012 . |
||
| 300 |
_a121ص ؛ _c24 سم . |
||
| 504 | _aببليوجرافية ص 115 - 116 | ||
| 650 | 0 | 4 | _aالمعسكرات الطلابية . |
| 650 | 0 | 4 | _aالقيادة . |
| 650 | 0 | 4 | _aالنشاط المدرسى . |
| 942 |
_2ddc _cBK |
||
| 999 |
_c61545 _d61545 |
||